| 000 | 00613nam a2200169 4500 | ||
|---|---|---|---|
| 008 | 171201b xxu||||| |||| 00| 0 eng d | ||
| 020 | _a041507956 | ||
| 082 |
_21994 _aDC 365.7 _bP71p |
||
| 245 |
_aPrisons after Woolf : _b reform through riot / _cedited by Elaine Player and Michael Jenkins. |
||
| 260 |
_aLondon ; New York : _bRoutledge, _c©1994. |
||
| 300 |
_axii, 278 pages ; _c24 cm. |
||
| 500 | _aIncludes bibliographical references and indexes. | ||
| 650 | 0 |
_923813 _aPrisons _z-- Great Britain. |
|
| 700 |
_923816 _aPlayer, Elaine,editor. |
||
| 700 |
_923819 _aJenkins, Michael,editor. |
||
| 942 |
_2ddc _cDC |
||
| 999 |
_c7842 _d7842 |
||